|
|
|
|
| LEADER |
00000nam0a2200000 4500 |
| 001 |
169406 |
| 005 |
20231031163418.0 |
| 035 |
|
|
|a (RuTPU)RU\TPU\book\183763
|
| 090 |
|
|
|a 169406
|
| 100 |
|
|
|a 20091112d1952 m y0rusy50 ca
|
| 101 |
0 |
|
|a rus
|
| 102 |
|
|
|a RU
|
| 105 |
|
|
|a a z 000zy
|
| 200 |
1 |
|
|a Скоростная проходка вертикальных стволов способом замораживания
|f А. З. Литвин, В. Н. Соловьев
|
| 210 |
|
|
|a Москва
|c Углетехиздат
|d 1952
|
| 215 |
|
|
|a 32 с.
|c ил.
|
| 610 |
1 |
|
|a шахтные стволы
|
| 610 |
1 |
|
|a проходка
|
| 610 |
1 |
|
|a шахты
|
| 610 |
1 |
|
|a оснащение
|
| 610 |
1 |
|
|a организация работы
|
| 610 |
1 |
|
|a крепление
|
| 610 |
1 |
|
|a технико-экономические показатели
|
| 675 |
|
|
|a 622.252
|v 3
|
| 700 |
|
1 |
|a Литвин
|b А. З.
|
| 701 |
|
1 |
|a Соловьев
|b В. Н.
|
| 801 |
|
1 |
|a RU
|b 63413507
|c 20091112
|
| 801 |
|
2 |
|a RU
|b 63413507
|c 20100219
|g RCR
|
| 942 |
|
|
|c BK
|